| 000 | 00787nam a22001337a 4500 | ||
|---|---|---|---|
| 040 | _cRUA | ||
| 082 | _aVEM TRY 2014 B439 Or.1 | ||
| 100 | _aTRY CHANTHOUN ; ទ្រី ចាន់ធន់ | ||
| 245 | _aSurveillance on highly pathogenic avian influenza typea(H5n1) at snor village, snor commune, pray kabas district, takeo province, អង្កេតតាមដានឃ្លំាមើលជំងឹផ្ដាសាយបក្សីប្រភេទA(H5N1) នៅភូមិស្នោ ឃុំស្នោ ស្រុកព្រែកកប្បាស ខេត្តតាកែវ | ||
| 260 |
_aPhnom Penh _bRUA _c2014 |
||
| 300 |
_ax ;30p. _bill. _c29cm. |
||
| 856 | _uhttps://drive.google.com/file/d/1fzoKShy6fYuVAr24BJ9TxoBkU3-A5rOX/view?usp=sharing | ||
| 942 | _cVEM | ||
| 999 |
_c7067 _d7067 |
||